Вып. 42; Метеоритика

Bibliografske podrobnosti
Parent link:Метеоритика: сборник статей/ Академия наук СССР (АН СССР), Комитет по метеоритам. Вып. 42.— , 1941-1990
Drugi avtorji: Кринов Е. Л. (редактор)
Jezik:ruščina
Izdano: 1983
Teme:
Format: MixedMaterials Knjiga
KOHA link:https://koha.lib.tpu.ru/cgi-bin/koha/opac-detail.pl?biblionumber=303509

MARC

LEADER 00000nam2a2200000 4500
001 303509
005 20231102001618.0
010 |a 5020007560 
035 |a (RuTPU)RU\TPU\book\328732 
035 |a RU\TPU\book\321515 
090 |a 303509 
100 |a 20150903d1983 k y0rusy50 ca 
101 0 |a rus 
102 |a RU 
105 |a a z 001zy 
200 0 |a Вып. 42 
210 |d 1983 
215 |a 190 с.  |c ил. 
320 |a Библиогр. в конце ст. 
461 1 |0 (RuTPU)RU\TPU\book\211571  |t Метеоритика  |o сборник статей  |f Академия наук СССР (АН СССР), Комитет по метеоритам  |v Вып. 42  |d 1941-1990 
606 1 |a Метеориты  |2 stltpush  |3 (RuTPU)RU\TPU\subj\72118  |9 85704 
610 1 |a метеоритика 
610 1 |a метеоритное вещество 
610 1 |a метеоритный состав 
610 1 |a минералогия 
610 1 |a структура 
610 1 |a физические свойства 
610 1 |a тектиты 
610 1 |a метеоритные кратеры 
675 |a 523.681  |v 3 
702 1 |a Кринов  |b Е. Л.  |4 340 
801 1 |a RU  |b 63413507  |c 20140110 
801 2 |a RU  |b 63413507  |c 20190702  |g RCR 
942 |c BK